|
|
|
|
| LEADER |
02605nam a22005175i 4500 |
| 001 |
978-3-540-68732-0 |
| 003 |
DE-He213 |
| 005 |
20151204172455.0 |
| 007 |
cr nn 008mamaa |
| 008 |
100301s2007 gw | s |||| 0|eng d |
| 020 |
|
|
|a 9783540687320
|9 978-3-540-68732-0
|
| 024 |
7 |
|
|a 10.1007/978-3-540-68732-0
|2 doi
|
| 040 |
|
|
|d GrThAP
|
| 050 |
|
4 |
|a RD701-811
|
| 072 |
|
7 |
|a MNS
|2 bicssc
|
| 072 |
|
7 |
|a MED065000
|2 bisacsh
|
| 082 |
0 |
4 |
|a 616.7
|2 23
|
| 100 |
1 |
|
|a Bahk, Yong-Whee.
|e author.
|
| 245 |
1 |
0 |
|a Combined Scintigraphic and Radiographic Diagnosis of Bone and Joint Diseases
|h [electronic resource] /
|c by Yong-Whee Bahk.
|
| 250 |
|
|
|a 3rd, revised and enlarged edition.
|
| 264 |
|
1 |
|a Berlin, Heidelberg :
|b Springer Berlin Heidelberg,
|c 2007.
|
| 300 |
|
|
|a XX, 538 p. 1398 illus., 16 illus. in color.
|b online resource.
|
| 336 |
|
|
|a text
|b txt
|2 rdacontent
|
| 337 |
|
|
|a computer
|b c
|2 rdamedia
|
| 338 |
|
|
|a online resource
|b cr
|2 rdacarrier
|
| 347 |
|
|
|a text file
|b PDF
|2 rda
|
| 505 |
0 |
|
|a and Fundamentals of Pinhole Scintigraphy -- Dual-Head Planar Pinhole Scintigraphy and Pinhole SPECT of Bone -- Clinical Applications -- Normal Pinhole Scintigraphic Anatomy of Bone and Joint -- Normal Variants and Artifacts -- Infective and Inflammatory Diseases of Bone -- Noninfective Osteitides -- Diseases of Joints and Soft-Tissue Infections -- Degenerative Joint Diseases -- Rheumatoid Arthritis -- Seronegative Spondyloarthropathies -- Other Rheumatic Osteoarthropathies and Soft-Tissue Rheumatism Syndromes -- Osteochondroses and Related Diseases -- Vascular Bone Disorders -- Metabolic Bone Diseases and Drug-Induced Osteoporosis -- Traumatic, Surgical, and Sports Injuries of the Skeleton -- Malignant Tumors of Bone -- Benign Tumors and Tumorous Conditions of Bone -- Soft-tissue Tumors and Tumor-like Conditions -- Otorhinological Disorders -- PET-CT in Bone and Joint Diseases -- A Genetic Consideration of Skeletal Disorders.
|
| 650 |
|
0 |
|a Medicine.
|
| 650 |
|
0 |
|a Radiology.
|
| 650 |
|
0 |
|a Nuclear medicine.
|
| 650 |
|
0 |
|a Oncology.
|
| 650 |
|
0 |
|a Rheumatology.
|
| 650 |
|
0 |
|a Orthopedics.
|
| 650 |
1 |
4 |
|a Medicine & Public Health.
|
| 650 |
2 |
4 |
|a Orthopedics.
|
| 650 |
2 |
4 |
|a Imaging / Radiology.
|
| 650 |
2 |
4 |
|a Nuclear Medicine.
|
| 650 |
2 |
4 |
|a Oncology.
|
| 650 |
2 |
4 |
|a Surgical Orthopedics.
|
| 650 |
2 |
4 |
|a Rheumatology.
|
| 710 |
2 |
|
|a SpringerLink (Online service)
|
| 773 |
0 |
|
|t Springer eBooks
|
| 776 |
0 |
8 |
|i Printed edition:
|z 9783540228806
|
| 856 |
4 |
0 |
|u http://dx.doi.org/10.1007/978-3-540-68732-0
|z Full Text via HEAL-Link
|
| 912 |
|
|
|a ZDB-2-SME
|
| 950 |
|
|
|a Medicine (Springer-11650)
|